Statistics for Oscars for Best Actress 1990-2023

Click here to take the quiz!

General Stats

  • This quiz has been taken 410 times
    (78 since last reset)
  • The average score is 27 of 34

Answer Stats

QuestionAnswer% Correct
2010Natalie Portman (Black Swan)
96%
2023Emma Stone (Poor Thing)
94%
1991Jodie Foster (The Silence of the Lambs)
92%
2016Emma Stone (La La Land)
90%
2003Charlize Theron (Monster)
89%
2004Hilary Swank (Million Dollar Baby)
89%
2019Renée Zellweger (Judy)
89%
2017Frances McDormand (Three Billboards Outside Ebbing, Missouri)
87%
2012Jennifer Lawrence (Silver Linings Playbook)
87%
2022Michelle Yeoh (Everything Everywhere All at Once)
87%
2009Sandra Bullock (The Blind Side)
87%
1996Frances McDormand (Fargo)
86%
2000Julia Roberts (Erin Brockovich)
86%
2020Frances McDormand (Nomadland)
83%
2018Olivia Colman (The Favourite)
83%
2001Halle Berry (Monster's Ball)
82%
2021Jessica Chastain (The Eyes of Tammy Faye)
82%
2008Kate Winslet (The Reader)
82%
2005Reese Witherspoon (Walk the Line)
82%
2011Meryl Streep (The Iron Lady)
80%
2013Cate Blanchett (Blue Jasmine)
79%
2006Helen Mirren (The Queen)
79%
2015Brie Larson (Room)
77%
1999Hilary Swank (Boys Don't Cry)
76%
2014Julianne Moore (Still Alice)
76%
1992Emma Thompson (Howards End)
75%
1998Gwyneth Paltrow (Shakespeare in Love)
75%
1997Helen Hunt (As Good as It Gets)
75%
2007Marion Cotillard (La Vie en Rose)
72%
1990Kathy Bates (Misery)
70%
1993Holly Hunter (The Piano)
69%
1994Jessica Lange (Blue Sky)
66%
2002Nicole Kidman (The Hours)
65%
1995Susan Sarandon (Dead Man Walking)
63%

Score Distribution

Percentile by Number Answered

Percent of People with Each Score

Your Score History

You have not taken this quiz since the last reset